| 000 | 00645cab a2200217 4500 | ||
|---|---|---|---|
| 001 | WB3402-13 | ||
| 008 | 090401t1998 xxu||||| |||| 00| 0 eng d | ||
| 035 | _a(Sirsi) u83145 | ||
| 041 | _aeng | ||
| 245 | _aWaste strategy planned | ||
| 260 | _c1998 | ||
| 350 | _a0 | ||
| 490 |
_aDETR News Release _v(020) 13 January 1998, (2) |
||
| 520 | _aPreparation of a new waste strategy for England and Wales, after a review of waste management policy is announced by government. | ||
| 650 | _aGOVERNMENT | ||
| 650 | _aPOLICY | ||
| 650 | _aWASTE MANAGEMENT | ||
| 690 | _aENVIRONMENTAL AND LAND CONSULTANCY | ||
| 942 | _n0 | ||
| 948 | _c16/01/1998 | ||
| 999 |
_c52520 _d52520 |
||